| 000 | 00762nam a22002057a 4500 | ||
|---|---|---|---|
| 003 | OSt | ||
| 005 | 20260423010311.0 | ||
| 008 | 260423b |||||||| |||| 00| 0 eng d | ||
| 020 | _a9780838912140 | ||
| 040 |
_aDWC-Main Lib. _cOC |
||
| 082 | _aRes. 346.7304 B985c 2014 | ||
| 100 | _aBurler, Rebecca P. | ||
| 245 |
_aCopyright for academic librarians and professionals/ _cRebecca P. Burler |
||
| 260 |
_aChicago : _bALA editions, an imprint of the American Library Association, _cc2014. |
||
| 300 |
_axvii, 278 pages : _billustrations ; _c25 cm. |
||
| 500 | _aIncludes bibliographical references. | ||
| 650 | _a1. Academic librarians--United States--Handbooks, manuals, etc. | ||
| 650 | _a2. Copyright--United States. | ||
| 942 |
_2ddc _cBK-0 CIRC _hRes. _n0 |
||
| 999 |
_c9750 _d9750 |
||